000 03339nam a2200409 4500
003 CHAP
005 20240130130157.0
007 ta
008 231023s2016 sp ao||fr|||| 001 0 s d
020 _a978-84200-1173-8
040 _aZ
_cCHAP
_erda
082 0 0 _a636.08982
_bF57 2016
_220
245 1 0 _aFisioterapia animal:
_bvaloración, tratamiento y rehabilitación de los animales/
_ceditores Catherine M. McGowan, Lesley Goff y Narelle Stubbs; traducció Beatriz Pazo Vilar, Begoña Peláez Rodríguez y Nuria Peláez Rodríguez
264 1 _aZaragoza, España:
_bAcribia,
_c2016
300 _axiv, 310 páginas:
_bilustraciones, fotografías
336 _2rdacontent
_atexto
_btxt
337 _2rdamedia
_asin medio
_bn
338 _2rdacarrier
_avolumen
_bnc
500 _aej.1: consumo
504 _aIncluye bibliografía
505 _gCapítulo 1. Introducción.-- Capítulo 2. Comportamiento animal aplicado: valoración, dolor y agresión.-- Capítulo 3. Nutrición animal aplicada.-- Capítulo 4. Biomecánica animal aplicada.-- Capítulo 5. Fisiología comparativa del ejercicio.-- Capítulo 6. Cojeras equina y canina.-- Capítulo 7. Trastornos neurológicos y musculares.-- Capítulo 8. Valoración fisioterapéutica para animales.-- Capítulo 9. Terapia manual.-- Capítulo 10. Principios de electroterapia en la fisioterapia veterinaria.-- 11. Hidroterapia.-- Capítulo 12. Puntos de acupuntura y puntos gatillo.-- Capítulo 13. Tratamiento y rehabilitación.-- Capítulo 14. Tratamiento y rehabilitación equina.
520 _aFisioterapia animal es una guía de referencia esencial para los fisioterapeutas que buscan aplicar los beneficios demostrados de la fisioterapia al tratamiento de animales de compañía y adiestrados. La fisioterapia animal es una profesión en crecimiento de fisioterapeutas que han ampliado sus conocimientos de la bien establecida esfera humana para los animales. El buen resultado de las fisioterapia en el ámbito humano sumado a un mayor conocimiento del campo animal causa una fuerte demanda de la fisioterapia para animales. Para el fisioterapeuta este libro proporciona información general sobre el comportamiento animal, su nutrición, biomecánica y fisiología del ejercicio. Para veterinarios y personas que trabajen con animales, el libro analizas los principios científicos detrás de la fisioterapia y lo que puede lograr. Incluye análisis de las diferentes técnicas de fisioterapia. Describe métodos de la medicina de pequeños animales así como para los atletas de élite equina. Incluye un modelo de razonamiento clínico aplicado basado en las pruebas, dando ejemplos de casos.
534 _pTítulo original: Animal physiotherapy: assessment, treatment and rehabilitation of animals, 1a ed.
650 1 0 _9139974
_aTerapéutica veterinaria
650 1 3 _95889
_aAnimales domésticos
_xRehabilitación
650 4 _9112346
_aTerapéutica fisiológica
_xTécnicas
700 1 _9188185
_aMcGowan, Catherine
_eeditor
700 1 _9188186
_aGoff, Lesley
_eeditor
700 1 _9188187
_aStubbs, Narelle
_eeditor
700 1 _9188188
_aPazo Vilar, Beatriz
_etraductor
700 1 _9188189
_aPeláez Rodríguez, Begoña
_etraductor
700 1 _9188193
_aPeláez Rodríguez, Nuria
_etraductor
942 _2ddc
942 _2ddc
942 _2ddc
942 _cLIBRO
999 _c219306
_d219306